00307nam a2200109Ia 4500008004100000020001800041100002300059245004900082250001200131260003700143300001700180180305s9999 xx 000 0 und d a9780071261197 aMiller, Stephen A. cStpephen A. Miller, John P. HarleyaZoology/ a7th ed. aQuezon CitybC&E Pub. Inc.c2007 av, 588 Pages